Random General Knowledge by Letter - B - Statistics

General Stats
  • This quiz has been taken 3,055 times
  • The average score is 11 of 20
Answer Stats
Hint Answer % Correct
What famous deer's mother was killed by a hunter? Bambi
93%
What is India's main film industry called? Bollywood
90%
Porter, pilsner, and lager are all types of what? Beer
88%
What is the name of the clock tower on the Palace of Westminster? Big Ben
87%
What was Napoleon's last name? Bonaparte
87%
What French bread is long, narrow, and crunchy? Baguette
86%
What is the national bird of the United States? Bald Eagle
86%
What was the world's first Cryptocurrency? Bitcoin
85%
Where was Jesus Christ said to be born? Bethlehem
84%
What number system only includes 1s and 0s? Binary
84%
What band was George Harrison part of? The Beatles
84%
According to the Guiness Book of World Records, what is the best selling book of all time? Bible
83%
What is the bubonic plague better known as? Black Death
83%
What is the only flying mammal? Bat
82%
Who is the main character of Disney's "Beauty and the Beast"? Belle
82%
In chess, which piece can move only diagonally? Bishop
82%
What song, recorded by Queen, was almost six minutes long? Bohemian Rhapsody
82%
What street in New York City is famous for musicals? Broadway
82%
Who composed the Moonlight Sonata? Ludwig van Beethoven
82%
What is the tallest mountain in the Alps? Mont {Blanc}
80%
Who is generally credited with inventing the Telephone? Alexander Graham Bell
79%
What is the most famous item on a McDonald's menu? Big Mac
79%
Who famously likes his Martinis "Shaken, not Stirred"? James Bond
78%
What french cheese consists of a soft inner part, and a rind (also edible)? Brie
77%
What city combined with Pest in 1873? Buda
77%
Who was lead singer of "Destiny's Child"? Beyonce
76%
What animal, similar to a Buffalo, can be found in the American west? Bison
76%
What kids show famously asks "Can he fix it?" Bob the Builder
76%
What company is essentially the only competitor of Airbus? Boeing
76%
Who was U.S President when the Soviet Union collapsed? George H. W. Bush
76%
Who hold the 100m dash world record? Usain Bolt
76%
What sport uses a shuttlecock? Badminton
75%
What French prison was stormed in 1789? Bastille
75%
What was the former name of Myanmar? Burma
75%
What is the last name of Frodo and Bilbo? Baggins
74%
What measures atmospheric pressure? Barometer
74%
What is the most poisonous species of spider? Black Widow
74%
Where would you find the Hypothalamus? Brain
74%
What animal composed half of the Minotaur? Bull
74%
La Bayadere and Swan Lake are both examples of what? Ballet
73%
What came before the Iron age? Bronze Age
73%
What was Siddharta Gautama better known as? Buddha
73%
What is the most popular sport in Japan? Baseball
72%
What superhero was played by Adam West? Batman
72%
What is the second most used search engine in the world? Bing
72%
What superhero lives in the fictional nation of Wakanda? Black Panther
72%
The trumpet, trombone, and french horn all belong to what family of instruments? Brass
72%
In which state is the city of Munich? Bavaria
70%
What fruit is also a brand of cell phone? Blackberry
70%
What is an antonym of sharp? Blunt
70%
What is the most spoken language in Bangladesh? Bengali
69%
Who was Henry VIII's second wife? Anne Boleyn
68%
What was Marilyn Monroe's nickname? {Blonde} Bombshell
68%
What is the tallest building in the world? Burj Khalifa
68%
What is the study of plants? Botany
67%
What is the largest city in Lebanon? Beirut
66%
In what town does Spongebob Squarepants live? Bikini Bottom
66%
What is the fat under the skin of a whale called? Blubber
66%
Who is famous for kidnapping Princess Peach? Bowser
65%
What was Ebenezer Scrooge's catchphrase? Bah-humbug
64%
On what street did Sherlock Holmes live? {Baker} Street
64%
Which sitcom main character was played by Rowan Atkinson? Mr. Bean
64%
What does the B in BMX stand for? Bicycle
62%
Where is the Forbidden City? Beijing
61%
Where was the Titanic built? Belfast
61%
How do you say "Please" in German? Bitte
61%
How do you say "Good Morning" in Spanish? Buenos Dias
61%
What was the Eastern Roman Empire also known as? {Byzantine} Empire
61%
In what Canadian province is the city of Vancouver? British Columbia
60%
What do eight bits make up? Byte
60%
Which soccer player famously played for Manchester United, Real Madrid and the LA Galaxy? David Beckham
60%
In what modern day country did Columbus land in when he reached the New World? Bahamas
59%
What is something with a pH over seven called? Base
59%
Who killed Abraham Lincoln? John Wilkes Booth
59%
What is a common antonym for "Malignant"? Benign
58%
What element's atomic number is 5? Boron
57%
What is the front of a boat called? Bow
56%
What was Germany's main tactic of conquering in World War II? Blitzkrieg
55%
What political part did Vladimir Lenin lead? Bolshevik
55%
What comes between Tenor and Bass? Baritone
54%
What was the last major battle on the western front in Europe during World War II? Battle of the {Bulge}
54%
What is the crime of having two spouses called? Bigamy
54%
Who was the British Prime Minister from 1997-2007? Tony Blair
54%
What extravagant style of architecture appeared in Europe around the late 1600s? Baroque
53%
Finish this John F Kennedy quote: "Ich bin ein ________" Berliner
53%
What famous old west outlaw only lived to 21? Billy the Kid
53%
What is the name for a person who performs on the street for money? Busker
53%
What was Herman Ruth Jr. better known as? Babe Ruth
52%
What type of grass is the tallest in the world? Bamboo
52%
What term describes a country reliant on a single export? {Banana} Republic
52%
In what country is the tallest unscaled mountain in the world? Bhutan
52%
What double reed instrument might be found in a Concert Band, other than an Oboe? Bassoon
51%
What is the traditional Jewish coming of age ceremony for girls? Bat mitzvah
51%
What is the only absolute monarchy in Southeast Asia? Brunei
51%
Grassland, taiga, desert, and tropical rainforest are examples of what? Biome
49%
Where is the Guggenheim museum in Spain? Bilbao
47%
In 2014, over 70,000 people signed a petition to send who back to Canada? Justin Bieber
47%
What monument in Berlin was built to commemorate peace in 1791? Brandenburg Gate
46%
Who composed the Goldberg variations? J. S. Bach
46%
What English poem was written around the year 1000? Beowulf
45%
What do the small and large intestines make up? Bowel
45%
What is the deepest and oldest lake in the world? Lake Baikal
45%
Where did Antoni Gaudi live? Barcelona
44%
What is the name for the Afrikaans speaking settlers of South Africa? Boers
44%
What is the constellation "Ursa Major" better known as? Big Dipper
43%
On what holiday in 2004 did a major Tsunami hit many Indian Ocean Countries? Boxing Day
43%
Who was nicknamed "El Libertador"? Simon Bolivar
43%
What is the northernmost region of France? Brittany
42%
What is the first Pokemon in the Pokedex? Bulbasaur
42%
What is Edward Teach better known as? Blackbeard
41%
What city is well known for Baked Beans? Boston
41%
What musical group sang "Rock Lobster" and is also a type of plane? B-52s
40%
What is the only island in the world with three countries on it? Borneo
40%
What rank comes between Colonel and Major General? Brigadier General
40%
Who would typically carry luggage at a hotel? Bellhop
39%
What spirit is produced by distilling wine? Brandy
39%
What was Canada's first national park? Banff
38%
Who was Yogi Bear's companion? Boo Boo
38%
What is the highest caste in India's caste system? Brahmin
38%
In what country is the "Great Blue Hole"? Belize
37%
Who discovered the structure of the atom? Niels Bohr
36%
The movie "The Greatest Showman" tells the story of who? P. T. Barnum
36%
Who was famously the rival of Magic Johnson? Larry Bird
35%
Who shot Alexander Hamilton? Aaron Burr
34%
What is the largest city on Italy's east coast? Bari
34%
What part of the body's name means "Two-headed"? Bicep
34%
Which of the Great Apes is also known as a "Pygmy Chimpanzee"? Bonobo
34%
Who founded the German Empire? Otto von Bismarck
34%
What is the name for a two-humped camel? Bactrian
32%
What, when mixed with vinegar, forms carbon dioxide, water, and sodium acetate? Baking Soda
31%
What is the most expensive property on a Monopoly board? Boardwalk
31%
What type of candy is mostly composed of brown sugar and butter? Butterscotch
31%
In the song "Joy to the World", what animal was Jeremiah? Bullfrog
30%
What is a common nickname for the city of New Orleans? Big Easy
28%
Who opposes the proletariat according to Karl Marx? Bourgeoisie
28%
What middle eastern dish is composed of mashed eggplant, olive oil, and other seasonings? Baba Ghanoush
27%
What star, part of the Orion constellation, is about 700 times the diameter of the sun? Betelgeuse
26%
What is the second largest city of Northern Germany, after Hamburg? Bremen
26%
Who was the first female prime minister of Pakistan? Benazir Bhutto
25%
What city receives the most tourists every year? Bangkok
24%
Who wrote the books "Fahrenheit 451" and "The Illustrated Man"? Ray Bradbury
24%
What was the former name of the city of Bengaluru? Bangalore
23%
What video game character is accompanied by Kazooie? Banjo
23%
What is the only national capital to border two other countries? Bratislava
16%
What are Taiga's commonly called in North America? {Boreal} Forest
15%
On what scare is the intensity of a hurricane measured? {Beaufort} Scale
14%
What curse led the Red Sox to not win the World Series from 1914-2004? Curse of the {Bambino}
14%
What feature of the earth is like a mesa, but small and often steeper? Butte
13%
What kind of Virus only affects Bacteria? Bacteriophage
8%
What is the name for a cross between a cattle and a bison? Beefalo
5%
What is the largest Buddhist temple in the World? Borobodur
5%
What is the nickname for the executive wing of New Zealand's parliament building? Beehive
4%
No matching quizzes found
Score Distribution
Percent of People with Each Score
Percentile by Number Answered
Your Score History
You have not taken this quiz